| 000 | 01018nam a22002177a 4500 | ||
|---|---|---|---|
| 999 |
_c5536 _d5536 |
||
| 003 | AR-CdUCM | ||
| 008 | 190312b ||||| |||| 00| 0 spa d | ||
| 040 |
_aMUNICIPALIDAD PROVINCIAL DEL CUSCO _cBIBLIOTECA MUNICIPAL DEL CUSCO |
||
| 082 |
_22ed. _a396 / _bC27 |
||
| 110 |
_aEdiciones Populares Feministas. _916550 |
||
| 245 |
_aCapitalismo y patriarcado : _bla mujer en el código de trabajo / |
||
| 260 |
_aSanto Domingo : _bAlfa & Omega, _c1983. |
||
| 300 |
_a51 páginas ; _bilustraciones, _c20 cm. |
||
| 500 | _aProyecto de investigación sobre la fuerza laboral femenina en la República Dominicana. | ||
| 505 | _aContenido: Las leyes, la sociedad y el código de trabajo -- Disposiciones del código de trabajo relativas a las mujeres -- La mujer trabajadora en una sociedad opresiva y patriarcal -- En realidad, sólo algunas reformas ... | ||
| 650 |
_aCapitalismo _93221 |
||
| 650 |
_aRepública Dominicana _916593 |
||
| 650 |
_aSociedad opresiva y patriarcal _916594 |
||
| 942 |
_2ddc _cLIBROS |
||
| 945 | _aachl | ||